| 000 | 00814nam a2200229 a 4500 | ||
|---|---|---|---|
| 001 | 57285 | ||
| 003 | BD-RjUL | ||
| 005 | 20211209080506.0 | ||
| 008 | 161208s1976 bg ||||| |||| 00| 0 ben d | ||
| 035 | _a(BD-RjUL)57409 | ||
| 040 |
_aBD-RjUL _bben _cBD-RjUL |
||
| 041 | _aben | ||
| 082 |
_223 _a297.082 _bAJM 1976 |
||
| 100 |
_aআজাদ, আবুল কালাম _9170100 |
||
| 245 | 1 | 0 |
_aমরু কিশোর / _cআবুল কালাম আজাদ |
| 260 |
_aঢাকা : _bলতীফ বুক, _c১৯৭৬ [১৩৮৩] |
||
| 300 |
_a১০১ পৃ. ; _c১৫ সেমি. |
||
| 650 |
_aমুসলিম মহিলা _9170101 |
||
| 650 |
_aMuslim Woman _9170102 |
||
| 700 |
_aআহমদ, নূরুদীন, অনুবাদ _9170103 |
||
| 942 |
_2ddc _cBK |
||
| 999 |
_c57285 _d57285 |
||